Normal view
MARC view
- Agulló-Rueda, Fernando
Entry Personal Name
001 - CONTROL NUMBER
- control field: 55914
003 - CONTROL NUMBER IDENTIFIER
- control field: NUST
005 - DATE AND TIME OF LATEST TRANSACTION
- control field: 20210628201557.0
008 - FIXED-LENGTH DATA ELEMENTS
- fixed length control field: 210628|| aca||aabn | a|a d
040 ## - CATALOGING SOURCE
- Original cataloging agency: NUST
- Transcribing agency: NUST
100 ## - HEADING--PERSONAL NAME
- Personal name: Agulló-Rueda, Fernando
670 ## - SOURCE DATA FOUND
- Source citation: Work cat.: (NUST): Martinez-Duart, J. M. J.M. Martínez-Duart, R.J. Martín-Palma, F. Agulló-Rueda. 55911, Nanotechnology for microelectronics and optoelectronics /, c2006.
